[Event "Clichy intern op 0304"]
[Site "Clichy"]
[Date "2003.12.04"]
[Round "3"]
[White "Rodriguez, Robert"]
[Black "Sazerac, Jean"]
[Result "0-1"]
[WhiteElo "1330"]
[BlackElo "1400"]
[PlyCount "100"]
[EventDate "2003.10.16"]
[EventType "swiss"]
[EventRounds "6"]
[EventCountry "FRA"]
[SourceTitle "EXT 2008"]
[Source "ChessBase"]
[SourceDate "2007.11.25"]
[SourceVersion "1"]
[SourceVersionDate "2007.11.25"]
[SourceQuality "1"]

1. e4 e5 2. Nf3 Nc6 3. Bc4 Nf6 4. Nc3 Bb4 5. a3 Bxc3 6. bxc3 d6 7. d4 Nxe4 8. d5 Ne7 9. Bb2 0-0 10. Bd3 Nf6 11. Bc4 Bg4 12. 0-0 e4 13. h3 Bxf3 14. gxf3 Ng6 15. fxe4 Nxe4 16. Kh2 Nh4 17. Bd3 Qf6 18. Bxe4 Qf4+ 19. Kh1 Qxe4+ 20. f3 Qe5 21. Rb1 Qg3 22. Qe2 Qxh3+ 23. Qh2 Qxh2+ 24. Kxh2 Rae8 25. c4 Re2+ 26. Kg3 g5 27. Rf2 Rfe8 28. Bf6 h6 29. Rxb7 Nf5+ 30. Kg2 Ne3+ 31. Kg3 Rxf2 32. Kxf2 Ng4+ 33. fxg4 Re4 34. Rxc7 Rxg4 35. c5 Rf4+ 36. Ke3 Rxf6 37. Rc8+ Kg7 38. c6 Rf4 39. Rd8 Rc4 40. Kd3 Rc5 41. Rxd6 g4 42. c4 g3 43. Ke3 h5 44. Kf3 h4 45. Kg2 Rxc4 46. Kh3 Rc2 47. Rd7 Rh2+ 48. Kg4 g2 49. Kh5 g1Q 50. c7 Qg6# 0-1